[Event "Turniej Blitza na II Lidze Juniorów 2018"]
[Site "Szczyrk, Poland"]
[Date "????.??.??"]
[Round "4.40"]
[White "Rudas, Borys"]
[Black "Meers, Hubert"]
[Result "0-1"]
[TimeControl "3'+2\""]
[WhiteElo "1257"]
[BlackElo "1549"]

1. e4 {[%clk 00:03:03]} c5 {[%clk 00:03:03]} {[%emt 00:00:02]} 2. Nf3 {[%clk
00:03:03]} d6 {[%clk 00:03:00]} {[%emt 00:00:05]} 3. d4 {[%clk 00:03:04]}
{[%emt 00:00:01]} cxd4 {[%clk 00:03:01]} {[%emt 00:00:02]} 4. Nxd4 {[%clk
00:03:04]} {[%emt 00:00:01]} Nf6 {[%clk 00:03:02]} {[%emt 00:00:01]} 5. Nc3
{[%clk 00:03:05]} {[%emt 00:00:02]} Nc6 {[%clk 00:03:03]} 6. Be3 {[%clk
00:03:04]} {[%emt 00:00:03]} Ng4 {[%clk 00:03:03]} {[%emt 00:00:01]} 7. Bd2
{[%clk 00:02:59]} {[%emt 00:00:07]} Nxd4 {[%clk 00:03:03]} {[%emt 00:00:03]} 8.
Bb5+ {[%clk 00:02:42]} {[%emt 00:00:18]} Nxb5 {[%clk 00:03:03]} {[%emt
00:00:03]} 9. Nxb5 {[%clk 00:02:42]} {[%emt 00:00:01]} Qb6 {[%clk 00:03:04]}
{[%emt 00:00:02]} 10. Qe2 {[%clk 00:02:34]} {[%emt 00:00:09]} Bd7 {[%clk
00:02:48]} {[%emt 00:00:18]} 11. Nc3 {[%clk 00:02:30]} {[%emt 00:00:06]} Nf6
{[%clk 00:02:46]} {[%emt 00:00:04]} 12. O-O {[%clk 00:02:22]} {[%emt 00:00:09]}
e6 {[%clk 00:02:46]} {[%emt 00:00:02]} 13. h3 {[%clk 00:02:17]} {[%emt
00:00:13]} Be7 {[%clk 00:02:46]} {[%emt 00:00:02]} 14. Kh1 {[%clk 00:02:18]}
{[%emt 00:00:01]} Bc6 {[%clk 00:02:37]} {[%emt 00:00:10]} 15. f4 {[%clk
00:02:16]} {[%emt 00:00:04]} O-O-O {[%clk 00:02:28]} {[%emt 00:00:11]} 16. e5
{[%clk 00:02:03]} {[%emt 00:00:15]} dxe5 {[%clk 00:02:20]} {[%emt 00:00:11]} 17.
fxe5 {[%clk 00:02:02]} {[%emt 00:00:02]} Nd5 {[%clk 00:02:18]} {[%emt
00:00:04]} 18. Nxd5 {[%clk 00:01:59]} {[%emt 00:00:05]} Bxd5 {[%clk 00:02:18]}
{[%emt 00:00:03]} 19. Be3 {[%clk 00:01:57]} {[%emt 00:00:03]} Qa6 {[%clk
00:02:02]} {[%emt 00:00:18]} 20. Qg4 {[%clk 00:01:45]} {[%emt 00:00:15]} Rdf8
{[%clk 00:01:54]} {[%emt 00:00:10]} 21. Qxg7 {[%clk 00:01:32]} {[%emt
00:00:15]} Rhg8 {[%clk 00:01:54]} {[%emt 00:00:01]} 22. Qh6 {[%clk 00:01:20]}
{[%emt 00:00:14]} Rxg2 {[%clk 00:01:52]} {[%emt 00:00:05]} 23. Bg5 {[%clk
00:00:32]} {[%emt 00:00:49]} Rxg5+ {[%clk 00:01:48]} {[%emt 00:00:07]} 24. Kh2
{[%clk 00:00:33]} {[%emt 00:00:01]} Qe2+ {[%clk 00:01:44]} {[%emt 00:00:06]} 25.
Rf2 {[%clk 00:00:30]} {[%emt 00:00:05]} Qxf2# {[%clk 00:01:44]} {[%emt
00:00:02]} 0-1

[Event "Turniej Blitza na II Lidze Juniorów 2018"]
[Site "Szczyrk, Poland"]
[Date "????.??.??"]
[Round "4.22"]
[White "Wiszniewski, Szymon"]
[Black "Pyzio, Amelia"]
[Result "0-1"]
[TimeControl "3'+2\""]
[WhiteElo "1391"]
[BlackElo "1747"]

1. e4 {[%emt 00:01:19]} e5 {[%emt 00:00:01]} 2. Nf3 {[%emt 00:00:01]} Nc6
{[%emt 00:00:01]} 3. Bc4 {[%emt 00:00:01]} Bc5 {[%emt 00:00:01]} 4. O-O {[%emt
00:00:02]} d6 5. d3 {[%emt 00:00:01]} Nf6 {[%emt 00:00:01]} 6. c3 {[%emt
00:00:03]} h6 {[%emt 00:00:03]} 7. Nbd2 {[%emt 00:00:02]} a6 {[%emt 00:00:02]}
8. Bb3 {[%emt 00:00:02]} O-O {[%emt 00:00:03]} 9. h3 Bb6 {[%emt 00:00:07]} 10.
Re1 {[%emt 00:00:02]} Be6 {[%emt 00:00:05]} 11. Nf1 {[%emt 00:00:02]} Ne7
{[%emt 00:00:04]} 12. Ng3 Ng6 {[%emt 00:00:04]} 13. Be3 {[%emt 00:00:06]} Qd7
{[%emt 00:00:05]} 14. Bxe6 {[%emt 00:00:13]} fxe6 {[%emt 00:00:06]} 15. Qd2
Rae8 {[%emt 00:00:18]} 16. d4 {[%emt 00:00:28]} exd4 {[%emt 00:00:06]} 17. cxd4
{[%emt 00:00:03]} Ba7 {[%emt 00:00:52]} 18. Qc2 {[%emt 00:00:18]} Qf7 {[%emt
00:00:11]} 19. Rac1 {[%emt 00:00:11]} Bb6 {[%emt 00:00:03]} 20. a4 {[%emt
00:00:03]} a5 {[%emt 00:00:12]} 21. e5 {[%emt 00:00:18]} Nd5 {[%emt 00:00:06]}
22. exd6 {[%emt 00:00:12]} cxd6 {[%emt 00:00:02]} 23. Bd2 {[%emt 00:00:09]}
Ngf4 {[%emt 00:00:19]} 24. Bxf4 {[%emt 00:00:07]} Nxf4 {[%emt 00:00:02]} 25.
Qb3 {[%emt 00:00:04]} Ba7 {[%emt 00:00:22]} 26. Rc2 {[%emt 00:00:25]} Nxh3+
{[%emt 00:00:04]} 27. gxh3 {[%emt 00:00:11]} Qxf3 28. Qxf3 {[%emt 00:00:05]}
Rxf3 {[%emt 00:00:02]} 29. Rc7 {[%emt 00:00:02]} Bxd4 {[%emt 00:00:06]} 30. Re2
{[%emt 00:00:06]} b6 {[%emt 00:00:02]} 31. Ne4 {[%emt 00:00:05]} d5 {[%emt
00:00:10]} 32. Nd6 {[%emt 00:00:05]} Ref8 {[%emt 00:00:07]} 33. Rxe6 {[%emt
00:00:07]} Rxf2 {[%emt 00:00:01]} 34. Re8 {[%emt 00:00:13]} Re2+ {[%emt
00:00:05]} 35. Kh1 {[%emt 00:00:02]} Rexe8 {[%emt 00:00:01]} 36. Nxe8 {[%emt
00:00:04]} Rxe8 37. Rd7 {[%emt 00:00:03]} Re5 {[%emt 00:00:01]} 38. Rd6 {[%emt
00:00:02]} Bc5 {[%emt 00:00:01]} 39. Rd8+ Kh7 {[%emt 00:00:02]} 40. Kg2 d4
{[%emt 00:00:04]} 41. Kf3 {[%emt 00:00:01]} Re3+ 42. Kf2 {[%emt 00:00:01]} Rxh3
{[%emt 00:00:01]} 43. Ke2 {[%emt 00:00:02]} Rh2+ 44. Kd3 Rxb2 {[%emt 00:00:02]}
45. Rb8 Rb4 {[%emt 00:00:02]} 46. Kc2 {[%emt 00:00:02]} Rxa4 47. Kd3 {[%emt
00:00:01]} Ra3+ {[%emt 00:00:01]} 48. Kc4 {[%emt 00:00:02]} Rc3+ {[%emt
00:00:01]} 49. Kb5 {[%emt 00:00:01]} Re3 {[%emt 00:00:02]} 50. Ka4 {[%emt
00:00:02]} d3 {[%emt 00:00:02]} 51. Kb3 {[%emt 00:00:05]} Re4 {[%emt 00:00:07]}
52. Rd8 {[%emt 00:00:05]} Rd4 {[%emt 00:00:01]} 53. Re8 {[%emt 00:00:04]} d2
{[%emt 00:00:01]} 54. Ka2 {[%emt 00:00:08]} d1=Q {[%emt 00:00:06]} 55. Re3
{[%emt 00:00:03]} Qd2+ {[%emt 00:00:02]} 56. Ka1 {[%emt 00:00:01]} Ra4+ {[%emt
00:00:02]} 57. Kb1 {[%emt 00:00:08]} 0-1

[Event "Turniej Blitza na II Lidze Juniorów 2018"]
[Site "Szczyrk, Poland"]
[Date "????.??.??"]
[Round "4.20"]
[White "Gredka, Dominika"]
[Black "Chodorowski, Adrian"]
[Result "0-1"]
[TimeControl "3'+2\""]
[WhiteElo "1782"]
[BlackElo "1401"]

1. e4 {[%clk 00:03:03]} c5 {[%clk 00:03:03]} {[%emt 00:00:01]} 2. Nf3 {[%clk
00:03:04]} {[%emt 00:00:01]} Nc6 {[%clk 00:03:05]} {[%emt 00:00:01]} 3. c3
{[%clk 00:03:05]} {[%emt 00:00:01]} g6 {[%clk 00:03:06]} {[%emt 00:00:01]} 4.
d4 {[%clk 00:03:07]} cxd4 {[%clk 00:03:06]} {[%emt 00:00:01]} 5. cxd4 {[%clk
00:03:08]} {[%emt 00:00:01]} Bg7 {[%clk 00:03:07]} 6. Nc3 {[%clk 00:03:08]}
{[%emt 00:00:02]} Nf6 {[%clk 00:03:08]} 7. e5 {[%clk 00:03:09]} {[%emt
00:00:01]} Ng8 {[%clk 00:03:02]} {[%emt 00:00:08]} 8. Be3 {[%clk 00:03:04]}
{[%emt 00:00:07]} d6 {[%clk 00:03:01]} {[%emt 00:00:03]} 9. Bb5 {[%clk
00:03:00]} {[%emt 00:00:06]} dxe5 {[%clk 00:02:55]} {[%emt 00:00:08]} 10. Bxc6+
{[%clk 00:03:00]} {[%emt 00:00:01]} bxc6 {[%clk 00:02:56]} {[%emt 00:00:02]} 11.
Nxe5 {[%clk 00:02:59]} {[%emt 00:00:02]} Qc7 {[%clk 00:02:29]} {[%emt
00:00:29]} 12. Bf4 {[%clk 00:02:56]} {[%emt 00:00:06]} Qb6 {[%clk 00:02:19]}
{[%emt 00:00:11]} 13. O-O {[%clk 00:02:28]} {[%emt 00:00:31]} Nf6 {[%clk
00:02:20]} {[%emt 00:00:02]} 14. Qd2 {[%clk 00:02:05]} {[%emt 00:00:24]} O-O
{[%clk 00:02:16]} {[%emt 00:00:06]} 15. Na4 {[%clk 00:02:06]} Qb5 {[%clk
00:02:04]} {[%emt 00:00:11]} 16. Nc5 {[%clk 00:02:07]} {[%emt 00:00:04]} Rd8
{[%clk 00:01:58]} {[%emt 00:00:09]} 17. a4 {[%clk 00:01:49]} {[%emt 00:00:19]}
Qxc5 {[%clk 00:01:36]} {[%emt 00:00:25]} 18. Rac1 {[%clk 00:01:36]} {[%emt
00:00:15]} Qxd4 {[%clk 00:01:32]} {[%emt 00:00:06]} 19. Qa5 {[%clk 00:01:33]}
{[%emt 00:00:04]} Bb7 {[%clk 00:01:16]} {[%emt 00:00:17]} 20. Rcd1 {[%clk
00:01:28]} {[%emt 00:00:08]} Qxd1 {[%clk 00:01:13]} {[%emt 00:00:05]} 0-1

[Event "Turniej Blitza na II Lidze Juniorów 2018"]
[Site "Szczyrk, Poland"]
[Date "????.??.??"]
[Round "4.15"]
[White "Oles, Martin"]
[Black "Musial, Tomasz"]
[Result "0-1"]
[TimeControl "3'+2\""]
[WhiteElo "1507"]
[BlackElo "1833"]

1. e4 {[%clk 00:03:02]} {[%emt 00:00:01]} c6 {[%clk 00:03:03]} {[%emt
00:00:02]} 2. Nf3 {[%clk 00:03:03]} d5 {[%clk 00:03:04]} {[%emt 00:00:01]} 3.
exd5 {[%clk 00:02:55]} {[%emt 00:00:10]} cxd5 {[%clk 00:03:04]} 4. d4 {[%clk
00:02:56]} {[%emt 00:00:02]} Nc6 {[%clk 00:03:04]} {[%emt 00:00:02]} 5. Nc3
{[%clk 00:02:54]} {[%emt 00:00:03]} Bg4 {[%clk 00:03:01]} {[%emt 00:00:05]} 6.
Be2 {[%clk 00:02:52]} {[%emt 00:00:04]} e6 {[%clk 00:03:01]} {[%emt 00:00:02]}
7. h3 {[%clk 00:02:52]} {[%emt 00:00:02]} Bh5 {[%clk 00:03:01]} {[%emt
00:00:01]} 8. O-O {[%clk 00:02:52]} {[%emt 00:00:03]} Bd6 {[%clk 00:03:00]}
{[%emt 00:00:03]} 9. Nh2 {[%clk 00:02:42]} {[%emt 00:00:12]} Bxe2 {[%clk
00:02:57]} {[%emt 00:00:05]} 10. Qxe2 {[%clk 00:02:42]} {[%emt 00:00:02]} Nxd4
{[%clk 00:02:57]} {[%emt 00:00:02]} 11. Qg4 {[%clk 00:02:28]} {[%emt 00:00:15]}
Nf5 {[%clk 00:02:51]} {[%emt 00:00:09]} 12. Re1 {[%clk 00:02:07]} {[%emt
00:00:23]} Nge7 {[%clk 00:02:37]} {[%emt 00:00:16]} 13. Bg5 {[%clk 00:01:59]}
{[%emt 00:00:09]} O-O {[%clk 00:02:16]} {[%emt 00:00:24]} 14. Rad1 {[%clk
00:01:47]} {[%emt 00:00:15]} Qc7 {[%clk 00:01:56]} {[%emt 00:00:21]} 15. Nf3
{[%clk 00:01:42]} {[%emt 00:00:07]} a6 {[%clk 00:01:44]} {[%emt 00:00:15]} 16.
Nh4 {[%clk 00:01:40]} {[%emt 00:00:03]} Nxh4 {[%clk 00:01:39]} {[%emt
00:00:07]} 17. Bxh4 {[%clk 00:01:33]} {[%emt 00:00:09]} Ng6 {[%clk 00:01:37]}
{[%emt 00:00:05]} 18. Bg5 {[%clk 00:01:24]} {[%emt 00:00:10]} Bf4 {[%clk
00:01:32]} {[%emt 00:00:07]} 19. Rd4 {[%clk 00:00:26]} {[%emt 00:01:01]} Bxg5
{[%clk 00:01:19]} {[%emt 00:00:15]} 20. Qxg5 {[%clk 00:00:27]} {[%emt
00:00:01]} Rac8 {[%clk 00:01:07]} {[%emt 00:00:14]} 21. h4 {[%clk 00:00:24]}
{[%emt 00:00:04]} Qe7 {[%clk 00:00:58]} {[%emt 00:00:10]} 22. Qxe7 {[%clk
00:00:24]} {[%emt 00:00:04]} Nxe7 {[%clk 00:00:59]} 23. Rb4 {[%clk 00:00:25]}
b5 {[%clk 00:00:56]} {[%emt 00:00:05]} 24. a4 {[%clk 00:00:25]} {[%emt
00:00:01]} Nc6 {[%clk 00:00:55]} {[%emt 00:00:03]} 25. Rb3 {[%clk 00:00:23]}
{[%emt 00:00:04]} Nd4 {[%clk 00:00:54]} {[%emt 00:00:03]} 26. axb5 {[%clk
00:00:06]} {[%emt 00:00:20]} Nxb3 {[%clk 00:00:53]} {[%emt 00:00:02]} 27. cxb3
{[%clk 00:00:07]} {[%emt 00:00:01]} axb5 {[%clk 00:00:53]} {[%emt 00:00:02]} 28.
Nxb5 {[%clk 00:00:08]} {[%emt 00:00:01]} Rb8 {[%clk 00:00:54]} 29. Nd4 {[%clk
00:00:08]} {[%emt 00:00:02]} Rb4 {[%clk 00:00:55]} {[%emt 00:00:01]} 30. Nc6
{[%clk 00:00:05]} {[%emt 00:00:05]} Rxb3 {[%clk 00:00:54]} {[%emt 00:00:03]} 31.
Re2 {[%clk 00:00:05]} {[%emt 00:00:02]} g6 {[%clk 00:00:43]} {[%emt 00:00:13]}
32. g4 {[%clk 00:00:04]} {[%emt 00:00:03]} Kg7 {[%clk 00:00:43]} {[%emt
00:00:02]} 33. Kg2 {[%clk 00:00:05]} {[%emt 00:00:01]} Rc8 {[%clk 00:00:43]}
{[%emt 00:00:02]} 34. Nd4 {[%clk 00:00:03]} {[%emt 00:00:04]} Rb4 {[%clk
00:00:43]} {[%emt 00:00:02]} 35. Nf3 {[%clk 00:00:04]} {[%emt 00:00:01]} Rcb8
{[%clk 00:00:43]} {[%emt 00:00:02]} 36. g5 {[%clk 00:00:04]} {[%emt 00:00:02]}
Rxb2 {[%clk 00:00:44]} {[%emt 00:00:02]} 37. Rxb2 {[%clk 00:00:04]} {[%emt
00:00:01]} Rxb2 {[%clk 00:00:45]} {[%emt 00:00:02]} 38. Kg3 {[%clk 00:00:05]}
h6 {[%clk 00:00:43]} {[%emt 00:00:04]} 39. Kg4 {[%clk 00:00:05]} {[%emt
00:00:02]} hxg5 {[%clk 00:00:43]} {[%emt 00:00:03]} 40. Nxg5 {[%clk 00:00:05]}
{[%emt 00:00:02]} Rxf2 {[%clk 00:00:43]} {[%emt 00:00:02]} 0-1

[Event "Turniej Blitza na II Lidze Juniorów 2018"]
[Site "Szczyrk, Poland"]
[Date "????.??.??"]
[Round "4.24"]
[White "Krawczyk, Flawian"]
[Black "Trybowska, Barbara"]
[Result "0-1"]
[TimeControl "3'+2\""]
[WhiteElo "1372"]
[BlackElo "1705"]

1. Nf3 {[%clk 00:03:02]} {[%emt 00:00:02]} b6 {[%clk 00:03:04]} 2. g3 {[%clk
00:03:04]} {[%emt 00:00:01]} Bb7 {[%clk 00:03:05]} 3. Bg2 {[%clk 00:03:05]}
{[%emt 00:00:01]} e6 {[%clk 00:03:06]} 4. d3 {[%clk 00:03:06]} {[%emt
00:00:01]} c5 {[%clk 00:03:07]} 5. O-O {[%clk 00:03:07]} {[%emt 00:00:01]} Nc6
{[%clk 00:03:08]} 6. Nbd2 {[%clk 00:03:08]} {[%emt 00:00:02]} g6 {[%clk
00:03:09]} {[%emt 00:00:01]} 7. e4 {[%clk 00:03:09]} Bg7 {[%clk 00:03:10]}
{[%emt 00:00:01]} 8. Nh4 {[%clk 00:03:00]} {[%emt 00:00:11]} Nge7 {[%clk
00:03:07]} {[%emt 00:00:04]} 9. f4 {[%clk 00:03:00]} {[%emt 00:00:03]} f5
{[%clk 00:03:07]} {[%emt 00:00:02]} 10. Nhf3 {[%clk 00:02:57]} {[%emt
00:00:05]} O-O {[%clk 00:03:05]} {[%emt 00:00:03]} 11. Nc4 {[%clk 00:02:51]}
{[%emt 00:00:08]} d5 {[%clk 00:03:00]} {[%emt 00:00:09]} 12. Ncd2 {[%clk
00:02:48]} {[%emt 00:00:04]} Nd4 {[%clk 00:02:57]} {[%emt 00:00:05]} 13. e5
{[%clk 00:02:47]} {[%emt 00:00:04]} Nec6 {[%clk 00:02:53]} {[%emt 00:00:05]} 14.
Nxd4 {[%clk 00:02:45]} {[%emt 00:00:04]} Nxd4 {[%clk 00:02:53]} {[%emt
00:00:01]} 15. Nf3 {[%clk 00:02:46]} {[%emt 00:00:01]} Nxf3+ {[%clk 00:02:53]}
{[%emt 00:00:03]} 16. Bxf3 {[%clk 00:02:45]} {[%emt 00:00:03]} Qc7 {[%clk
00:02:52]} {[%emt 00:00:02]} 17. Qe2 {[%clk 00:02:41]} {[%emt 00:00:07]} Rfd8
{[%clk 00:02:50]} {[%emt 00:00:03]} 18. Qg2 {[%clk 00:02:41]} {[%emt 00:00:03]}
Rab8 {[%clk 00:02:47]} {[%emt 00:00:05]} 19. h4 {[%clk 00:02:42]} {[%emt
00:00:01]} d4 {[%clk 00:02:46]} {[%emt 00:00:03]} 20. Bxb7 {[%clk 00:02:36]}
{[%emt 00:00:07]} Qxb7 {[%clk 00:02:44]} {[%emt 00:00:04]} 21. Rf3 {[%clk
00:02:34]} {[%emt 00:00:04]} Rbc8 {[%clk 00:02:42]} {[%emt 00:00:05]} 22. g4
{[%clk 00:02:35]} {[%emt 00:00:02]} Qe7 {[%clk 00:02:38]} {[%emt 00:00:05]} 23.
g5 {[%clk 00:02:35]} {[%emt 00:00:02]} c4 {[%clk 00:02:35]} {[%emt 00:00:05]}
24. Rh3 {[%clk 00:02:31]} {[%emt 00:00:06]} cxd3 {[%clk 00:02:31]} {[%emt
00:00:06]} 25. cxd3 {[%clk 00:02:31]} {[%emt 00:00:02]} Qb4 {[%clk 00:02:30]}
{[%emt 00:00:02]} 26. h5 {[%clk 00:02:27]} {[%emt 00:00:07]} Qe1+ {[%clk
00:02:29]} {[%emt 00:00:03]} 27. Kh2 {[%clk 00:02:25]} {[%emt 00:00:03]} Rxc1
{[%clk 00:02:29]} {[%emt 00:00:03]} 28. Rxc1 {[%clk 00:02:26]} {[%emt
00:00:01]} Qxc1 {[%clk 00:02:29]} {[%emt 00:00:02]} 29. hxg6 {[%clk 00:02:26]}
{[%emt 00:00:02]} hxg6 {[%clk 00:02:30]} 30. Rh4 {[%clk 00:02:19]} {[%emt
00:00:09]} Rc8 {[%clk 00:02:25]} {[%emt 00:00:07]} 31. Rh3 {[%clk 00:02:00]}
{[%emt 00:00:21]} Rc2 {[%clk 00:02:24]} {[%emt 00:00:03]} 32. Kg3 {[%clk
00:01:57]} {[%emt 00:00:05]} Rxg2+ {[%clk 00:02:23]} {[%emt 00:00:03]} 33. Kxg2
{[%clk 00:01:57]} {[%emt 00:00:02]} Qxf4 {[%clk 00:02:24]} {[%emt 00:00:01]} 34.
Rf3 {[%clk 00:01:57]} {[%emt 00:00:02]} Qxg5+ {[%clk 00:02:24]} {[%emt
00:00:01]} 35. Rg3 {[%clk 00:01:58]} {[%emt 00:00:02]} Qd2+ {[%clk 00:02:25]}
36. Kh3 {[%clk 00:02:00]} f4 {[%clk 00:02:26]} {[%emt 00:00:02]} 37. Rxg6
{[%clk 00:02:00]} {[%emt 00:00:01]} Qxd3+ {[%clk 00:02:25]} {[%emt 00:00:02]}
38. Kg2 {[%clk 00:01:59]} {[%emt 00:00:03]} Qxg6+ {[%clk 00:02:26]} {[%emt
00:00:02]} 0-1

[Event "Turniej Blitza na II Lidze Juniorów 2018"]
[Site "Szczyrk, Poland"]
[Date "????.??.??"]
[Round "4.64"]
[White "Grzybek, Mikolaj"]
[Black "Uliasz, Miroslaw"]
[Result "0-1"]
[TimeControl "3'+2\""]
[WhiteElo "1243"]
[BlackElo "1075"]

1. e4 {[%emt 00:00:38]} d5 {[%emt 00:00:03]} 2. exd5 Qxd5 3. d3 {[%emt
00:00:01]} Nf6 {[%emt 00:00:09]} 4. Nc3 {[%emt 00:00:02]} Qd6 5. Nf3 {[%emt
00:00:02]} Bg4 {[%emt 00:00:01]} 6. Be2 {[%emt 00:00:02]} e6 {[%emt 00:00:02]}
7. h3 Bh5 {[%emt 00:00:01]} 8. O-O {[%emt 00:00:02]} c6 {[%emt 00:00:04]} 9.
Be3 {[%emt 00:00:02]} Nbd7 {[%emt 00:00:02]} 10. a3 {[%emt 00:00:03]} Qc7 11.
Nd4 {[%emt 00:00:11]} Bxe2 {[%emt 00:00:09]} 12. Qxe2 {[%emt 00:00:03]} Bd6
{[%emt 00:00:04]} 13. b4 {[%emt 00:00:11]} O-O {[%emt 00:00:03]} 14. f3 {[%emt
00:00:09]} Nd5 {[%emt 00:00:02]} 15. Ne4 {[%emt 00:00:07]} Nxe3 {[%emt
00:00:05]} 16. Qxe3 {[%emt 00:00:02]} Be5 {[%emt 00:00:13]} 17. c3 {[%emt
00:00:09]} Nf6 {[%emt 00:00:23]} 18. Nxf6+ {[%emt 00:00:14]} Bxf6 {[%emt
00:00:02]} 19. Rac1 {[%emt 00:00:08]} Rfd8 {[%emt 00:00:21]} 20. Ne2 {[%emt
00:00:07]} Rd7 {[%emt 00:00:28]} 21. Rfd1 {[%emt 00:00:19]} b6 {[%emt
00:00:04]} 22. d4 {[%emt 00:00:08]} Rc8 {[%emt 00:00:14]} 23. Kh1 {[%emt
00:00:13]} c5 {[%emt 00:00:30]} 24. dxc5 {[%emt 00:00:02]} bxc5 25. Rxd7 {[%emt
00:00:09]} Qxd7 {[%emt 00:00:05]} 26. bxc5 Qb5 {[%emt 00:00:23]} 27. c6 {[%emt
00:00:17]} Qxc6 {[%emt 00:00:14]} 28. Qxa7 {[%emt 00:00:03]} Qc4 {[%emt
00:00:03]} 29. Ng3 {[%emt 00:00:28]} Be5 {[%emt 00:00:01]} 30. Ne4 {[%emt
00:00:02]} Qd3 {[%emt 00:00:02]} 31. Qb7 {[%emt 00:00:05]} Rf8 {[%emt
00:00:05]} 32. Qb1 {[%emt 00:00:04]} Qc4 {[%emt 00:00:02]} 33. Qb4 {[%emt
00:00:09]} Qc7 {[%emt 00:00:03]} 34. a4 {[%emt 00:00:06]} Bf4 {[%emt 00:00:02]}
35. a5 {[%emt 00:00:08]} Bxc1 {[%emt 00:00:02]} 36. c4 {[%emt 00:00:05]} Rc8
{[%emt 00:00:02]} 37. c5 {[%emt 00:00:05]} Be3 0-1

[Event "Turniej Blitza na II Lidze Juniorów 2018"]
[Site "Szczyrk, Poland"]
[Date "????.??.??"]
[Round "4.61"]
[White "Skolska, Emilia"]
[Black "Kubik, Rafal"]
[Result "1-0"]
[TimeControl "3'+2\""]
[WhiteElo "1261"]
[BlackElo "1077"]

1. e4 {[%emt 00:00:52]} e5 {[%emt 00:00:02]} 2. Nf3 Nc6 {[%emt 00:00:01]} 3. d4
{[%emt 00:00:02]} exd4 {[%emt 00:00:01]} 4. Bc4 Nf6 {[%emt 00:00:01]} 5. O-O
{[%emt 00:00:02]} Be7 {[%emt 00:00:03]} 6. e5 {[%emt 00:00:01]} d5 {[%emt
00:00:01]} 7. exf6 {[%emt 00:00:02]} dxc4 {[%emt 00:00:05]} 8. fxe7 {[%emt
00:00:02]} Qxe7 {[%emt 00:00:02]} 9. Re1 {[%emt 00:00:02]} Be6 10. Nxd4 {[%emt
00:00:08]} Nxd4 {[%emt 00:00:01]} 11. Qxd4 Rd8 {[%emt 00:00:02]} 12. Qe4 {[%emt
00:00:16]} c6 {[%emt 00:00:03]} 13. Nc3 {[%emt 00:00:02]} O-O {[%emt 00:00:02]}
14. Bf4 {[%emt 00:00:20]} Rfe8 {[%emt 00:00:11]} 15. Rad1 {[%emt 00:00:04]} Rd7
{[%emt 00:00:05]} 16. Rxd7 {[%emt 00:00:14]} Qxd7 {[%emt 00:00:03]} 17. Rd1
{[%emt 00:00:04]} Qe7 {[%emt 00:00:05]} 18. Bd6 {[%emt 00:00:03]} Qf6 {[%emt
00:00:02]} 19. Qf3 {[%emt 00:00:15]} Qxf3 {[%emt 00:00:06]} 20. gxf3 {[%emt
00:00:02]} Bh3 {[%emt 00:00:07]} 21. Ne4 {[%emt 00:00:14]} Bf5 {[%emt
00:00:07]} 22. Re1 {[%emt 00:00:11]} Bxe4 {[%emt 00:00:09]} 23. Rxe4 {[%emt
00:00:02]} Rd8 {[%emt 00:00:01]} 24. Bc7 {[%emt 00:00:11]} Rd1+ {[%emt
00:00:02]} 25. Kg2 {[%emt 00:00:01]} h6 {[%emt 00:00:01]} 26. Re8+ {[%emt
00:00:07]} Kh7 {[%emt 00:00:01]} 27. Rd8 {[%emt 00:00:01]} Ra1 {[%emt
00:00:04]} 28. a3 {[%emt 00:00:04]} Ra2 {[%emt 00:00:03]} 29. Be5 {[%emt
00:00:01]} b5 {[%emt 00:00:06]} 30. Rc8 {[%emt 00:00:04]} a5 {[%emt 00:00:18]}
31. Rxc6 {[%emt 00:00:02]} f6 32. Bd4 {[%emt 00:00:04]} Ra1 {[%emt 00:00:09]}
33. Rb6 {[%emt 00:00:03]} Rc1 {[%emt 00:00:03]} 34. Rxb5 {[%emt 00:00:11]} Rxc2
{[%emt 00:00:02]} 35. Rxa5 {[%emt 00:00:02]} Rd2 {[%emt 00:00:02]} 36. Bc3
{[%emt 00:00:02]} Rc2 {[%emt 00:00:03]} 37. Rc5 {[%emt 00:00:02]} Kg6 {[%emt
00:00:03]} 38. Rxc4 {[%emt 00:00:02]} Rc1 {[%emt 00:00:01]} 1-0